00482nam a2200181 a 450000100060000000300090000600800410001502000150005604000280007108200160009910000390011524500400015426000480019430000110024249000170025365000130027065000170028319910CO-ViMGA141112s2004 ck r 000 u spa d a9706253130 aCO-ViMGAbspacCO-ViMGA04a634.1 F787f1 aCentro de Estudios Agropecuarios, 10aFrutales tropicales y subtropicales aMexico : bGrupo Ed. IberoAmérica, c2001 a138 p. aAgronegocios14aFRUTALES14aFRUTICULTURA